000 00467nam a2200169Ia 4500
003 GCL
008 140319s9999 xx 000 0 eng d
040 _aGCL /
_cGCL
082 0 4 _a930.1
_bB C
100 1 _aBAHN, PAUL G.
245 1 0 _aTHE CAMBRIDGE ILLUSTRATED HISTORY OF ARCHAEOLOGY /
_cBAHN, PAUL G.
260 _a[S.N] :
_bCAMBRIDGE UNIVERSITY PRESS ،
_c1996
300 _a368 P
650 0 4 _aARCHAEOLOGY
650 0 4 _aARCHAEOLOGY - HISTORY
942 _2ddc
_cBK
999 _c16029
_d16029